Central Library OPAC University of Rajshahi

For Surrey and England / (Record no. 16662)

MARC details
000 -LEADER
fixed length control field 00656nam a22002412a 4500
001 - CONTROL NUMBER
control field 16662
003 - CONTROL NUMBER IDENTIFIER
rucl marc code BD-RjUL
005 - DATE AND TIME OF LATEST TRANSACTION
control field 20211209000034.0
008 - FIXED-LENGTH DATA ELEMENTS--GENERAL INFORMATION
fixed length control field 140215r1957 e 001 0 eng u
035 ## - SYSTEM CONTROL NUMBER
System control number (BD-RjUL)16717
040 ## - CATALOGING SOURCE
Original cataloging agency HVC
Modifying agency UKM
-- BD-RjUL
-- EQO
Language of cataloging eng
Transcribing agency BD-RjUL
041 ## - LANGUAGE CODE
Language code of text/sound track or separate title eng
082 ## - DEWEY DECIMAL CLASSIFICATION NUMBER
Classification number 796.35809
Edition number 18
Author mark and year LOF 1957
090 ## - LOCALLY ASSIGNED LC-TYPE CALL NUMBER (OCLC); LOCAL CALL NUMBER (OCLC)
Classification number (OCLC) (R) ; Classification number, CALL (RLIN) (NR) GV9l5
Local cutter number (OCLC) ; Book number/undivided call number, CALL (RLIN) .L8
100 1# - MAIN ENTRY--PERSONAL NAME
Personal name Lock, Tony.
9 (RLIN) 51466
245 10 - TITLE STATEMENT
Title For Surrey and England /
Statement of responsibility, etc. by Tony Lock
260 ## - PUBLICATION, DISTRIBUTION, ETC. (IMPRINT)
Place of publication, distribution, etc. London :
Name of publisher, distributor, etc. Hodder and Stoughton,
Date of publication, distribution, etc. 1957.
300 ## - PHYSICAL DESCRIPTION
Pagination 192 p. :
Illustrations ill. ;
Size 19 cm.
504 ## - BIBLIOGRAPHY, ETC. NOTE
Bibliography, etc includes index.
650 #0 - SUBJECT ADDED ENTRY--TOPICAL TERM
Topical term or geographic name as entry element Cricket
Form subdivision Biography
9 (RLIN) 51467
942 ## - ADDED ENTRY ELEMENTS (KOHA)
Source of classification or shelving scheme Dewey Decimal Classification
Koha item type Books
Holdings
Lost status Source of classification or shelving scheme Damaged status Not for loan Collection code Permanent Location Current Location Shelving location Date acquired Source of acquisition Cost, normal purchase price Total Checkouts Full call number Date last seen Copy number Koha item type
  Dewey Decimal Classification   Not For Loan Non-fiction Central Library, University of Rajshahi Central Library, University of Rajshahi Reading Room 01/07/1963 Zeitlinger 12.00   796.35809 LOF 1957 15/02/2014 C-1 Books